000 00378nam a2200169Ia 4500
008 170705s9999 xx 000 0 und d
020 _a9780590309073
245 _aCorduroy /
245 _cDon Freeman.
260 _aNew York :
260 _bScholastic,
260 _c1968
300 _a32 pages :
300 _bcolor illustration ;
300 _c19cm.
500 _a600
999 _c336807
_d336807